[Event "52nd Iran-ch Men Final 2019"]
[Site "Bushehr"]
[Date "2019.01.25"]
[Round "2"]
[White "Gholami, Aryan"]
[Black "Mosadeghpour, Masoud"]
[Result "1-0"]
[WhiteElo "2488"]
[BlackElo "2517"]
[Annotator "TA"]
[PlyCount "49"]
[EventDate "2019.01.24"]
[EventType "tourn"]
[EventCountry "IRI"]
[SourceTitle "playchess.com"]
[Source "ChessBase"]
[SourceQuality "1"]

{[%evp 21,49,22,27,21,32,26,34,32,47,22,62,0,0,0,15,9,31,20,31,-60,0,-5,0,0,16,17,409,414,407,398]} 1. d4 Nf6 2. c4 e6 3. Nc3 d5 4. Nf3 Be7 5. Bf4 O-O 6. e3 Nbd7 7. cxd5 Nxd5 8. Nxd5 {D37: Queen's Gambit Declined: 5 Bf4} exd5 9. a3 (9. Bd3 c5 10. dxc5 Nxc5 11. O-O Bg4 12. Be2 Bf6 13. h3 Bh5 14. Nd4 Bxe2 15. Qxe2 Bxd4 16. exd4 {½-½ (62) Li,C (2725)-Yu,Y (2759) Ningbo 2018}) 9... c5 10. dxc5 Nxc5 11. Be2 Qb6 {LiveBook: 4 Games} 12. b4 Ne6 13. Be5 a5 14. b5 {[#]} a4 $146 ({Predecessor:} 14... Nc5 15. a4 Ne4 {½-½ (27) Gonzalez Vidal,Y (2507)-Delgado Ramirez,N (2550) Las Tunas 2009}) 15. O-O Nc5 16. Nd4 ({White should try} 16. Qxd5 $14 Nb3 17. Rad1) 16... Re8 $11 17. Qc2 Bd8 18. Nf3 Nb3 19. Rad1 Be7 20. Qb2 ({Better is} 20. Rxd5 $14 Bxa3 21. Rfd1 (21. Ng5 Qg6 $17)) 20... Bf8 (20... Qc5 $1 $15) 21. Bc3 $36 {[%mdl 2048] White has good play.} Be6 22. Nd4 Rec8 {And now ...Bxa3! would win.} 23. Nxb3 Bxa3 $2 {[%mdl 8192] [#]} (23... axb3 $11 {and Black stays safe.} 24. Bd4 Qd6 25. Qxb3 Rxa3) 24. Qxa3 $18 Rxc3 25. Rd3 {Accuracy: White = 43%, Black = 12%.} 1-0

[Event "52nd Iran-ch Men Final 2019"]
[Site "Bushehr"]
[Date "2019.01.25"]
[Round "2"]
[White "Tahbaz, Arash"]
[Black "Khodashenas, Mersad"]
[Result "1/2-1/2"]
[WhiteElo "2468"]
[BlackElo "2455"]
[Annotator "TA"]
[PlyCount "99"]
[EventDate "2019.01.24"]
[EventType "tourn"]
[EventCountry "IRI"]
[SourceTitle "playchess.com"]
[Source "ChessBase"]
[SourceQuality "1"]

{[%evp 14,99,0,7,0,11,0,-9,-7,-54,-56,-58,-58,-40,-38,-70,-16,-18,20,29,21,0,0,0,0,-105,-105,-108,-104,-108,-108,-105,-114,-108,-112,-154,-152,-139,-142,-173,-174,-180,-163,-165,-95,-95,-100,-112,-60,-63,-63,-65,-62,-62,-61,-62,-57,-70,0,-60,0,-68,-57,-57,-56,-73,-37,-46,-30,-56,-58,-63,-59,-55,-18,-33,0,-64,0,-47,-33,-39,-36,-37,0,-29,0,-38]} 1. Nf3 d5 2. g3 Nc6 3. d4 Bf5 4. Bg2 Nb4 5. Na3 e6 6. O-O h6 {D02: 1 d4 d5 2 Nf3 sidelines, including 2...Nf6 3 g3 and 2...Nf6 3 Bf4} (6... c6 7. c3 Na6 8. Qb3 Qc8 9. Nh4 Be4 10. f3 Bg6 11. Nxg6 hxg6 12. e4 Nf6 13. e5 Nd7 14. f4 {1-0 (51) Grischuk,A (2766)-Duda,J (2737) chess.com INT 2018}) 7. c4 Nf6 8. Bd2 {LiveBook: 3 Games. Strongly threatening Bxb4.} c6 9. Qb3 a5 10. c5 $146 ({Predecessor:} 10. Ne5 Nd7 11. Nxd7 Qxd7 {0-1 (47) Andriasian,Z (2585)-Martirosyan,H (2567) Yerevan 2018}) 10... b6 11. Bxb4 axb4 12. Qxb4 bxc5 $1 13. dxc5 Qb8 $36 {[%mdl 2048] White is under pressure.} 14. Qd4 Nd7 (14... Ne4 $1 $15 15. Rfc1 Bxc5 16. Rxc5 Nxc5) 15. Qc3 $11 Qa7 16. Nd4 Qxc5 17. Qe3 {And now Rac1 would win.} Bh7 18. Rac1 Qa7 $1 {With the idea ...Bc5.} 19. Bxd5 (19. Rxc6 $11 Bxa3 20. Qxa3 (20. bxa3 O-O $11) 20... Qxa3 21. bxa3) 19... Bxa3 $17 ({Wrong is} 19... cxd5 $2 20. Nab5 $18) 20. Bxe6 O-O $1 ({Of course not} 20... fxe6 $6 21. Qxe6+ Be7 22. Nxc6 $15) ({Much weaker is} 20... Bxb2 $6 21. Bxd7+ Kf8 22. Ne6+ fxe6 23. Qxe6 $11) 21. bxa3 {Hoping for Bb3.} fxe6 22. Qxe6+ Kh8 23. Nxc6 Qb7 24. Qd6 Nf6 {[%mdl 1024] Black has strong compensation.} 25. Qb4 Qa6 26. Rc4 Rfe8 27. Nd4 {[#]} Nd5 $1 {[%cal Rd5b4]} 28. Qb3 Qxa3 ({Better is} 28... Reb8 $19 29. Rc6 Rxb3 30. Rxa6 {[#]} Rxg3+ $3 {[%mdl 512]} 31. fxg3 Rxa6 32. Rf8+ Bg8) 29. Qxa3 Rxa3 30. Rfc1 Raa8 (30... Rxa2 $17 31. Rc8 Rxc8 32. Rxc8+ Bg8) 31. a4 $15 Nb6 32. Rb4 Rxa4 33. Rxa4 Nxa4 34. f3 Rd8 35. Ne6 Re8 (35... Rd2 {is interesting.} 36. Rc8+ Bg8 37. f4 Nc3 38. Nf8 Nxe2+ 39. Kf2 g5) 36. Nd4 $1 Rd8 (36... Nb6 $15) 37. e3 (37. Ne6 $1 $11 Rd6 38. Nc5) 37... Nb6 38. Kf2 Bg8 39. Rc7 Nc4 40. g4 g6 41. Re7 Ra8 42. h4 Ra2+ 43. Kg3 Ra3 44. Kf2 Ra2+ 45. Kg3 Ra3 46. Kf2 Rd3 {White must now prevent ...Nxe3!} 47. Ne2 Rd2 48. Ke1 Rd3 49. Kf2 Rd2 50. Ke1 {Accuracy: White = 64%, Black = 55%.} 1/2-1/2

[Event "52nd Iran-ch Men Final 2019"]
[Site "Bushehr"]
[Date "2019.01.25"]
[Round "2"]
[White "Gholami Orimi, Mahdi"]
[Black "Idani, Pouya"]
[Result "0-1"]
[WhiteElo "2377"]
[BlackElo "2611"]
[Annotator "TA"]
[PlyCount "104"]
[EventDate "2019.01.24"]
[EventType "tourn"]
[EventCountry "IRI"]
[SourceTitle "playchess.com"]
[Source "ChessBase"]
[SourceQuality "1"]

{[%evp 23,104,-9,0,-2,4,-8,10,9,37,39,39,36,44,37,38,38,57,49,78,65,78,72,112,109,95,97,105,95,99,99,96,105,109,83,91,84,70,19,16,0,0,0,0,0,0,0,0,0,0,0,0,-333,-300,-366,-369,-500,-510,-509,-506,-458,-460,-498,-491,-628,-561,-602,-568,-473,-412,-1153,-1072,-922,-539,-2329,-564,-4622,-4614,-1704,-1328,-4918,-4910,-4922,-1583]} 1. d4 Nf6 2. c4 e6 3. Nc3 Bb4 4. Qc2 d5 5. cxd5 exd5 6. Bg5 h6 7. Bxf6 Qxf6 8. a3 Bxc3+ 9. Qxc3 O-O 10. Nf3 c6 11. e3 Bf5 12. Bd3 Nd7 13. O-O {E35: Nimzo-Indian: Classical: 4...d5 5 cxd5 exd5} Rfe8 (13... Bxd3 14. Qxd3 Qd6 {½-½ (14) Gagunashvili,M (2596)-Rozentalis,E (2631) Toronto 2010}) 14. b4 Rac8 15. Rfc1 {The position is equal.} b5 $146 ({Predecessor:} 15... Be4 16. Ne1 Qd6 17. Qd2 b6 18. Rc3 b5 19. f3 Bxd3 20. Nxd3 Nb6 21. Nc5 Nc4 22. Qf2 {½-½ (22) Varga,P (2390)-Farago,I (2475) Hungary 1998}) 16. Bxf5 Qxf5 17. Qc2 Qe6 18. Ne1 {[%cal Bf3e1,Be1d3,Bd3c5][%mdl 32]} Nb6 19. Nd3 f5 20. g3 Re7 21. Nc5 Qf6 22. a4 g5 23. axb5 cxb5 24. Kh1 Kh8 25. Qd1 f4 26. Qf3 {[%cal Rg3f4]} Rf8 {[#]} 27. exf4 $1 Qxd4 28. Nd3 Nc4 {Threatening ...Nd2.} 29. Ra6 Qe4 30. Qxe4 ({Avoid the trap} 30. Rxh6+ $2 Kg7 $19) (30. Kg2 $1 $14) 30... dxe4 $11 31. Nc5 gxf4 32. Rxh6+ Kg7 $1 {[%cal Rg7h6]} 33. Re6 Rfe8 $36 {[%mdl 2048] Black is pushing.} 34. Rxe7+ Rxe7 {[%mdl 4096] Endgame KRN-KRN} 35. Re1 e3 36. gxf4 e2 {Threatens to win with ...Na3.} 37. Kg2 $2 {[%mdl 8192] [#]} (37. f3 $11 {and White stays safe.}) 37... Na3 $1 $19 {[%cal Ra3c2]} 38. Nd3 Nc2 39. Rb1 {intending Ne1.} Rd7 40. Kf3 Rxd3+ 41. Kxe2 {KRN-KR} Rd4 42. Rc1 Nxb4 43. Rc7+ Kf6 44. Rxa7 Nd5 45. Rb7 b4 {[%cal Bb5b4,Bb4b3][%mdl 32]} 46. Kf3 (46. h4 $142 Rxf4 47. h5) 46... Rxf4+ {Black is clearly winning.} 47. Kg3 Rd4 48. h4 Rd3+ 49. f3 b3 50. Rb8 Kf5 51. Rb7 Nc3 52. Rb4 Ne2+ {Accuracy: White = 62%, Black = 68%.} (52... Rd2 $142 53. Rf4+ Ke6) 0-1

[Event "52nd Iran-ch Men Final 2019"]
[Site "Bushehr"]
[Date "2019.01.25"]
[Round "2"]
[White "Moradi, Amirmasoud"]
[Black "Ghaem Maghami, Ehsan"]
[Result "1-0"]
[WhiteElo "2321"]
[BlackElo "2533"]
[Annotator "TA"]
[PlyCount "133"]
[EventDate "2019.01.24"]
[EventType "tourn"]
[EventCountry "IRI"]
[SourceTitle "playchess.com"]
[Source "ChessBase"]
[SourceQuality "1"]

{[%evp 25,133,-41,-33,-25,-35,-44,145,168,160,154,260,207,254,288,275,184,225,89,91,101,102,85,83,74,81,64,72,27,83,82,113,137,154,0,96,18,26,3,62,63,67,75,220,217,711,705,693,648,1894,867,29989,635,625,522,496,492,459,458,625,625,625,621,576,398,502,299,527,272,272,148,148,138,138,139,139,146,621,621,621,621,621,621,606,606,621,621,614,614,614,614,599,599,606,599,600,592,599,592,1311,599,1562,592,1710,1392,1195,804,29983,29984,29986,29987]} 1. e4 c5 2. Nf3 d6 3. d4 cxd4 4. Nxd4 Nf6 5. Nc3 a6 6. Bc4 e6 7. Bb3 b5 8. O-O Be7 9. f4 O-O 10. e5 dxe5 11. fxe5 Nfd7 12. Be3 Nxe5 13. Qh5 Nbc6 14. Nxc6 {B87: Sicilian Scheveningen/Najdorf: 6 Bc4, with early ...b5} Nxc6 15. Rf3 Qe8 $146 (15... g6 $15 {keeps the upper hand.} 16. Qh6 f6) ({Predecessor:} 15... g6 16. Qh6 f6 17. Rd1 Qe8 18. Rg3 Rf7 19. Ne4 Ne5 20. Bd4 Bb7 21. Re1 Rd8 {½-½ (46) Gao,R (2528)-Debashis,D (2489) Al Ain 2015}) 16. Rh3 $1 $16 {[%csl Gh3][%cal Rh5h7] White is clearly better.} h6 17. Rg3 $1 {Qxh6 is the strong threat.} f5 (17... Bf6 $16 {was worth a try.}) 18. Qxh6 $1 $18 {[%csl Gh6][%cal Rg3g7][%mdl 64] Double Attack} Bf6 {[#]} 19. Nd5 $1 {[%cal Rd5f6]} Qf7 20. Nf4 Nd4 {[#]} 21. Bxd4 (21. Qh3 $1 $18 {is the precise move to win.}) 21... Bxd4+ $16 22. Kh1 Be3 23. Re1 Bxf4 ({Don't blunder} 23... Bf2 $2 24. Rg6 $18) 24. Qxf4 Ra7 25. Rg5 Qf6 26. h4 Re7 (26... a5 $11 {remains equal.} 27. Qd6 Re7) 27. Re5 Kh7 28. Rh5+ Kg6 29. Rg5+ (29. g4 $142) 29... Kh7 30. h5 (30. Kg1 $16) 30... Qh6 $11 31. Qh4 Rd7 (31... Qf6 $11 32. Qf4 Qh6) 32. c3 $36 {[%mdl 2048] Black is under pressure.} Rf6 33. Rg6 $1 {[%cal Rg6h6]} Qc1+ (33... Qd2 $16 {might work better.}) 34. Re1 $18 Qxb2 $2 (34... Qd2 35. Bxe6 Rc7) 35. Bxe6 Rxe6 36. Rgxe6 {White threatens Qg5 and mate.} Rd2 37. Rg6 (37. Re7 $142 Rxg2 38. h6) 37... Qxc3 38. Re7 (38. Qg5 $142 Qh3+ 39. gxh3 Bb7+ 40. Kg1 Rg2+ 41. Qxg2 Bxg2 42. Kxg2 f4 43. Kf3) 38... Rd7 39. Rgxg7+ Qxg7 40. Rxg7+ Rxg7 {[%mdl 4096] Endgame KQ-KRB} 41. Qf6 Bb7 42. Qxf5+ Kh6 43. Qf6+ Kh7 44. Kg1 Bxg2 45. Kf2 a5 $2 (45... Bh3 46. Qxa6 Rg5 47. Qa7+ Rg7) 46. Ke3 Bh3 47. Kd4 (47. Qd8 $18) 47... Bg4 $16 48. Kc5 b4 49. Kb5 Bxh5 50. Kxa5 Bf7 $2 {[%mdl 8192]} (50... Rg4 $16 51. Qe6 Kg7) 51. Qf5+ $18 Kh8 52. Qc8+ Rg8 53. Qh3+ Kg7 54. Kxb4 Kf6 55. Qf3+ Ke7 56. Qb7+ Kf6 57. a4 Rg4+ 58. Kc5 {And now Qf3+ would win.} Rc4+ 59. Kb5 Rc3 60. Qb6+ Ke7 {intending ...Rb3+.} 61. Qa7+ Ke8 62. Qd4 (62. a5 $142 Rb3+ 63. Ka4) 62... Rc7 63. Kb6 (63. a5 $142 Rd7 64. Qe5+ Re7 65. Qb8+ Kd7 66. Kc5) 63... Rc4 64. Qd6 Rc1 65. Qe5+ Kd7 66. Qd4+ Kc8 67. Qg4+ {Accuracy: White = 44%, Black = 23%.} 1-0

[Event "52nd Iran-ch Men Final 2019"]
[Site "Bushehr"]
[Date "2019.01.26"]
[Round "3"]
[White "Idani, Pouya"]
[Black "Firouzja, Alireza"]
[Result "0-1"]
[WhiteElo "2611"]
[BlackElo "2618"]
[Annotator "TA"]
[PlyCount "74"]
[EventDate "2019.01.24"]
[EventType "tourn"]
[EventCountry "IRI"]
[SourceTitle "playchess.com"]
[Source "ChessBase"]
[SourceQuality "1"]

{[%evp 10,74,25,8,27,23,28,7,14,-25,-25,-32,64,71,26,32,48,43,43,42,50,51,90,33,95,76,91,18,58,36,45,43,42,36,165,68,60,31,50,-2,0,0,0,0,8,-28,-18,-52,-62,-65,-39,-47,-33,-35,-31,-85,-89,-87,-84,-78,-85,-145,-136,-322,-332,-455,-455]} 1. e4 c6 2. Nc3 d5 3. Nf3 Bg4 4. h3 Bxf3 5. Qxf3 e6 6. Be2 d4 {B11: Caro-Kann: Two Knights Variation} (6... Bc5 7. O-O Nd7 8. b4 Bd4 9. b5 Ne7 10. Rb1 O-O 11. Ba3 Bc5 12. Bb2 Qa5 13. d4 Bd6 14. bxc6 bxc6 {1-0 (40) Paravyan,D (2630)-Dreev,A (2635) St Petersburg 2018}) 7. Nb1 Bd6 8. c3 c5 $146 {The position is equal.} ({Predecessor:} 8... Qf6 9. d3 Qxf3 10. Bxf3 dxc3 11. bxc3 Na6 12. Be3 Nc7 13. a4 Nf6 14. Nd2 {1-0 (31) Hartung,J (2060)-Guidoreni,J (1950) Luxembourg 2000}) 9. Na3 Nc6 10. O-O Ne5 (10... Nge7 $15) 11. Bb5+ Kf8 12. Qg3 a6 13. f4 $1 {[%cal Rf4e5]} Ng6 $1 14. e5 axb5 15. exd6 b4 16. f5 (16. cxb4 $16 cxb4 17. f5 exf5 18. Nb5) 16... exf5 (16... bxa3 $14 17. fxe6 (17. fxg6 hxg6 18. Qxg6 Nf6 $15) 17... Nf6) 17. Nb5 Nf6 18. d3 ({Better is} 18. cxb4 $16 cxb4 19. Rxf5) 18... bxc3 19. bxc3 dxc3 20. Qf2 b6 21. Qxf5 Qd7 {[#]} (21... h6 $14) 22. Qf3 ({White should play} 22. Nc7 $1 $18 {[%cal Rc7a8]} Qxf5 23. Rxf5) 22... Re8 $14 23. a4 h6 $1 24. Qg3 (24. d4 $14) 24... Re6 $36 {[%mdl 2048] Black has some pressure.} 25. Ra3 {[%cal Ba1a3,Ba3c3,Bc3c4][%mdl 32]} Kg8 26. Rxc3 Kh7 27. Rc4 Rd8 28. Bb2 Ne8 $1 {[%cal Re8d6]} 29. h4 h5 {[%cal Re8d6]} ({Reject} 29... Nxd6 $6 30. Nxd6 Rxd6 31. h5 $11) 30. Rf5 Re1+ $1 {[%mdl 64] [#] Discovered Attack} 31. Qxe1 Qxf5 32. Qg3 (32. Qf1 $15 Qxf1+ 33. Kxf1) 32... Qd5 $17 {[%cal Re8d6]} 33. a5 Nxd6 34. Nxd6 Rxd6 35. axb6 (35. Qe3 $142) 35... Rxb6 36. Qf2 $2 (36. Bc3 $17) 36... Qxd3 $19 37. Rxc5 Qd1+ {Accuracy: White = 42%, Black = 51%.} 0-1

[Event "52nd Iran-ch Men Final 2019"]
[Site "Bushehr"]
[Date "2019.01.26"]
[Round "3"]
[White "Ghaem Maghami, Ehsan"]
[Black "Pourramezanali, Amirreza"]
[Result "1/2-1/2"]
[WhiteElo "2533"]
[BlackElo "2528"]
[Annotator "TA"]
[PlyCount "86"]
[EventDate "2019.01.24"]
[EventType "tourn"]
[EventCountry "IRI"]
[SourceTitle "playchess.com"]
[Source "ChessBase"]
[SourceQuality "1"]

{[%evp 14,86,8,9,20,14,3,-31,-10,-8,0,-17,0,-23,66,10,9,15,15,-14,-6,-22,15,0,42,0,0,0,0,0,0,0,-5,-4,0,-19,54,17,12,0,0,0,0,0,0,0,0,0,0,0,0,0,0,0,0,0,0,-10,-8,0,0,-46,-28,-45,-24,-167,-157,-137,-61,-51,0,0,0,0,0]} 1. c4 (1. Nf3 Nf6 2. c4 e6 3. g3 d5 {1-0 (58) Sjugirov,S (2663)-Korobov,A (2698) St Petersburg 2018}) 1... e6 2. g3 d5 3. Bg2 Nf6 $146 ({Predecessor:} 3... d4 4. Nf3 c5 5. O-O Nc6 6. d3 Nf6 7. e3 Bd6 8. exd4 {1-0 (46) Volodin,I (2265)-Lugovskoy,M (2425) Moscow 2017}) 4. Nf3 d4 5. O-O c5 6. e3 (6. d3 Nc6 7. e3 Bd6 8. exd4 {1-0 (58) Sjugirov,S (2663)-Korobov,A (2698) St Petersburg 2018}) 6... Nc6 7. exd4 cxd4 8. d3 Bd6 {A13: English Opening: 1...e6} 9. a3 (9. Bg5 h6 10. Bxf6 Qxf6 11. Nbd2 Qd8 12. a3 a5 13. Rc1 O-O 14. Re1 Re8 {1-0 (58) Sjugirov,S (2663)-Korobov,A (2698) St Petersburg 2018}) 9... a5 10. Qc2 Nd7 {Black is slightly better.} ({Predecessor:} 10... O-O 11. Bg5 h6 12. Bxf6 Qxf6 13. c5 Bc7 14. Nbd2 e5 {1-0 (46) Volodin,I (2265)-Lugovskoy,M (2425) Moscow 2017}) 11. Nbd2 O-O 12. Re1 h6 13. Rb1 f5 (13... Qc7 $11) 14. c5 (14. Rxe6 $14 Nde5 15. Rxe5 Bxe5 16. Nxe5 Nxe5 17. Nf3 Nxf3+ 18. Bxf3) 14... Nxc5 $11 15. Nc4 Be7 16. Nce5 Nxe5 17. Nxe5 Re8 18. b4 Nd7 19. Bf4 Nxe5 20. Bxe5 axb4 21. axb4 Ra3 22. Rec1 Bf6 23. Bxf6 Qxf6 24. b5 b6 (24... Rc3 $11 25. Qd2 Rd8) 25. Qc7 $1 $14 Qd8 $1 26. Qe5 Rxd3 27. Rd1 Rxd1+ 28. Rxd1 d3 29. Bc6 Re7 30. Qe3 e5 {aiming for ...e4.} 31. Rxd3 Qc7 32. Qd2 Kh7 33. Rd8 Be6 34. h4 e4 {Threatens to win with ...e3!} 35. Qd6 (35. Rf8 {looks sharper.} Bf7 36. Kh2 Qe5 37. Qd8 g5 38. Rh8+) 35... Qxd6 36. Rxd6 $11 {[%mdl 4096] Endgame KRB-KRB} h5 37. Ba8 Bc4 38. Rxb6 Ra7 39. Rb8 (39. Bc6 $1 $11) 39... Ra1+ $19 40. Kh2 {[#]} Be2 (40... g5 $1 $17 41. Bc6 (41. hxg5 Ra2 $11) 41... Be2) 41. g4 $1 $15 {[%cal Rg4f5]} hxg4 (41... g5 $1 $15 42. gxf5 Bf3 43. Bxe4 (43. hxg5 {gets mated.} h4 44. Rb7+ Kg8 45. Rb8+ Kf7 46. Rb7+ Ke8 47. Rb8+ Kd7 48. Bc6+ Kd6 49. Rd8+ Kc5 50. Rd5+ Kb6 51. Rd1 Rxd1 52. Kh3 Rh1#) 43... Bxe4 44. hxg5 Bxf5) 42. Kg3 $1 $11 {[#]} Bxb5 $1 {[%mdl 512]} 43. Rxb5 Rxa8 {Accuracy: White = 50%, Black = 51%.} 1/2-1/2

[Event "52nd Iran-ch Men Final 2019"]
[Site "Bushehr"]
[Date "2019.01.26"]
[Round "3"]
[White "Mosadeghpour, Masoud"]
[Black "Gholami Orimi, Mahdi"]
[Result "1-0"]
[WhiteElo "2517"]
[BlackElo "2377"]
[Annotator "ChessBase"]
[PlyCount "113"]
[EventDate "2019.01.24"]
[EventType "tourn"]
[EventCountry "IRI"]
[SourceTitle "playchess.com"]
[Source "ChessBase"]
[SourceQuality "1"]
[TimeControl "40/5400+30:1800+30"]

1. e4 {[%emt 0:00:23]} e5 {[%emt 0:00:00]} 2. Nf3 {[%emt 0:00:10]} Nc6 {[%emt 0:00:00]} 3. Bc4 {[%emt 0:00:17]} Bc5 {[%emt 0:00:00]} 4. O-O {[%emt 0:00:35]} Nf6 {[%emt 0:00:26]} 5. d3 {[%emt 0:00:23]} d6 {[%emt 0:00:15]} 6. c3 {[%emt 0:00:07]} a6 {[%emt 0:00:05]} 7. a4 {[%emt 0:00:13]} h6 {[%emt 0:01:04]} 8. Re1 {[%emt 0:00:44]} Ba7 {[%emt 0:00:10]} 9. b4 {[%emt 0:00:39]} O-O {[%emt 0:00:38]} 10. Nbd2 {[%emt 0:00:07]} Ne7 {[%emt 0:00:38]} 11. h3 {[%emt 0:00:46]} Ng6 {[%emt 0:00:11]} 12. d4 {[%emt 0:00:11]} Re8 {[%emt 0:06:45]} 13. b5 exd4 {[%emt 0:12:55]} 14. cxd4 {[%emt 0:01:28]} d5 {[%emt 0:06:19]} 15. exd5 {[%emt 0:00:24]} Rxe1+ {[%emt 0:04:22]} 16. Qxe1 {[%emt 0:00:01]} Nxd5 {[%emt 0:04:14]} 17. Ne4 {[%emt 0:01:07]} axb5 {[%emt 0:16:48]} 18. axb5 {[%emt 0:00:22]} Be6 {[%emt 0:04:42]} 19. Qa5 {[%emt 0:04:10]} Nf8 {[%emt 0:04:25]} 20. Nc5 {[%emt 0:10:03]} b6 {[%emt 0:02:19]} 21. Nxe6 {[%emt 0:00:31]} bxa5 {[%emt 0:00:10]} 22. Nxd8 {[%emt 0:00:06]} Rxd8 {[%emt 0:00:24]} 23. Rxa5 {[%emt 0:02:49]} Bxd4 {[%emt 0:03:22]} 24. Nxd4 {[%emt 0:03:12]} Nb6 {[%emt 0:00:12]} 25. Bxf7+ {[%emt 0:00:17]} Kxf7 {[%emt 0:00:02]} 26. Be3 {[%emt 0:00:22]} Nd5 {[%emt 0:14:08]} 27. Ra3 {[%emt 0:10:02]} Rb8 {[%emt 0:05:25]} 28. Rb3 {[%emt 0:03:28]} Ra8 {[%emt 0:01:08]} 29. Nc6 {[%emt 0:01:19]} Ne6 {[%emt 0:00:46]} 30. Rd3 {[%emt 0:01:20]} Ra1+ {[%emt 0:01:46]} 31. Kh2 {[%emt 0:00:12]} Nxe3 {[%emt 0:01:40]} 32. Rxe3 {[%emt 0:05:45]} Rb1 {[%emt 0:00:35]} 33. h4 {[%emt 0:00:11]} Rb2 {[%emt 0:02:37]} 34. Kg3 {[%emt 0:04:30]} Rb1 {[%emt 0:00:53]} 35. Rf3+ {[%emt 0:06:06]} Kg6 {[%emt 0:01:33]} 36. Re3 {[%emt 0:02:30]} Kf7 {[%emt 0:00:03]} 37. Kg4 {[%emt 0:01:58]} Rb2 {[%emt 0:04:32]} 38. Rf3+ {[%emt 0:00:04]} Kg8 {[%emt 0:00:27]} 39. Kf5 {[%emt 0:07:09]} Nf8 {[%emt 0:00:53]} 40. Ne7+ {[%emt 0:00:00]} Kh7 {[%emt 0:00:00]} 41. Kg4 {[%emt 0:28:47]} Ne6 {[%emt 0:11:32]} 42. Rf5 {[%emt 0:03:02]} Nd4 {[%emt 0:01:26]} 43. Rf4 {[%emt 0:03:06]} Ne6 {[%emt 0:03:43]} 44. Re4 {[%emt 0:01:58]} Nf8 {[%emt 0:05:12]} 45. Nd5 {[%emt 0:12:38]} Rxf2 {[%emt 0:03:08]} 46. g3 {[%emt 0:02:32]} Rf7 {[%emt 0:02:14]} 47. Rf4 {[%emt 0:08:14]} Rd7 {[%emt 0:00:29]} 48. Nxc7 {[%emt 0:00:40]} Ng6 {[%emt 0:05:33]} 49. Ne6 {[%emt 0:01:06]} h5+ {[%emt 0:02:21]} 50. Kg5 {[%emt 0:00:38]} Rd3 {[%emt 0:01:30]} 51. Rf7 {[%emt 0:02:29]} Rxg3+ {[%emt 0:00:45]} 52. Kxh5 {[%emt 0:00:02]} Ne5 {[%emt 0:00:34]} 53. Ng5+ {[%emt 0:00:18]} Kg8 {[%emt 0:00:39]} 54. Re7 {[%emt 0:00:28]} g6+ {[%emt 0:00:29]} 55. Kh6 {[%emt 0:00:02]} Ng4+ {[%emt 0:00:31]} 56. Kxg6 {[%emt 0:00:04]} Kf8 {[%emt 0:00:12]} 57. Re4 {[%emt 0:00:56]} 1-0

[Event "52nd Iran-ch Men Final 2019"]
[Site "Bushehr"]
[Date "2019.01.26"]
[Round "3"]
[White "Darini, Pouria"]
[Black "Gholami, Aryan"]
[Result "1/2-1/2"]
[WhiteElo "2475"]
[BlackElo "2488"]
[Annotator "ChessBase"]
[PlyCount "29"]
[EventDate "2019.01.24"]
[EventType "tourn"]
[EventCountry "IRI"]
[SourceTitle "playchess.com"]
[Source "ChessBase"]
[SourceQuality "1"]
[TimeControl "40/5400+30:1800+30"]

1. e4 {[%emt 0:01:04]} c6 {[%emt 0:00:00]} 2. Nc3 {[%emt 0:00:58]} d5 {[%emt 0:00:00]} 3. Nf3 {[%emt 0:00:02]} dxe4 {[%emt 0:00:03]} 4. Nxe4 {[%emt 0:00:05]} Nf6 {[%emt 0:00:07]} 5. Qe2 {[%emt 0:00:14]} Nxe4 {[%emt 0:00:07]} 6. Qxe4 {[%emt 0:00:04]} Qd5 {[%emt 0:00:06]} 7. Qh4 {[%emt 0:00:17]} Qe6+ {[%emt 0:00:07]} 8. Be2 {[%emt 0:00:06]} Qg6 {[%emt 0:00:03]} 9. O-O {[%emt 0:01:06]} Qxc2 {[%emt 0:00:13]} 10. Bc4 {[%emt 0:05:20]} Qf5 {[%emt 0:03:03]} 11. d4 Nd7 {[%emt 0:17:09]} 12. Re1 {[%emt 0:48:43]} Nb6 {[%emt 0:02:57]} 13. Bb3 {[%emt 0:00:01]} Nd5 {[%emt 0:01:13]} 14. Ne5 {[%emt 0:00:50]} f6 {[%emt 0:09:04]} 15. Nc4 {[%emt 0:02:32]} 1/2-1/2